000
00328nam a2200133Ia 4500
008
191201s2002 xx 000 0 und d
100
_a
SATSANGI, S S
245
0
_a
Garments Finishing and Care Labelling
250
_a
1st
260
_a
N.Delhi
_b
Usha Publishers
_c
2002
300
_a
219
650
_a
B.Tech(TE)
942
_2
ddc
_c
BK
999
_c
2568
_d
2568